[Event "Brasilia Terra Viva op"]
[Site "Brasilia"]
[Date "2014.09.21"]
[Round "6"]
[White "Campos, Westerley Batista"]
[Black "Cerqueira, Francisco de Assis "]
[Result "1-0"]
[WhiteElo "1725"]
[BlackElo "1800"]
[PlyCount "85"]
[EventDate "2014.09.19"]
[EventType "swiss"]
[EventRounds "6"]
[EventCountry "BRA"]
[SourceTitle "CBM 162 Extra"]
[Source "ChessBase"]
[SourceDate "2014.10.17"]
[SourceVersion "1"]
[SourceVersionDate "2014.10.17"]
[SourceQuality "1"]

1. b4 d5 2. Bb2 Nf6 3. g3 g6 4. Bg2 Bg7 5. e3 0-0 6. d3 a6 7. Ne2 c6 8. Nd2 Qc7 9. Nb3 Nbd7 10. 0-0 Ne8 11. Bxg7 Nxg7 12. c4 dxc4 13. dxc4 c5 14. bxc5 Nxc5 15. Nf4 Rb8 16. Nd5 Qd6 17. e4 Nxb3 18. axb3 b5 19. e5 Qxe5 20. Re1 Qd6 21. Nxe7+ Kh8 22. Qxd6 Be6 23. Qxa6 bxc4 24. bxc4 Nh5 25. Bd5 Bxd5 26. cxd5 Kg7 27. g4 Nf6 28. g5 Ne8 29. Nc6 Rb3 30. Rxe8 Rxe8 31. Ne5 Rxe5 32. Qf6+ Kf8 33. Ra8+ Re8 34. Qh8+ Ke7 35. Qxe8+ Kd6 36. Rd8+ Kc5 37. Rc8+ Kd4 38. Qh8+ Ke4 39. Rc4+ Kf3 40. Qf6+ Ke2 41. Qe5+ Kd2 42. Qd4+ Rd3 43. Qb2+ 1-0

[Event "Brasilia Terra Viva op"]
[Site "Brasilia"]
[Date "2014.09.19"]
[Round "1"]
[White "Nascimento, Davi da Silva"]
[Black "Cerqueira, Francisco de Assis "]
[Result "1-0"]
[WhiteElo "2077"]
[BlackElo "1800"]
[PlyCount "102"]
[EventDate "2014.09.19"]
[EventType "swiss"]
[EventRounds "6"]
[EventCountry "BRA"]
[SourceTitle "CBM 162 Extra"]
[Source "ChessBase"]
[SourceDate "2014.10.17"]
[SourceVersion "1"]
[SourceVersionDate "2014.10.17"]
[SourceQuality "1"]

1. e4 e5 2. Nf3 Nc6 3. Bc4 f6 4. c3 Na5 5. Bd5 c6 6. Bxg8 Rxg8 7. b4 Nc4 8. Qb3 d5 9. d3 Nb6 10. a4 Be6 11. a5 Nc8 12. a6 b6 13. 0-0 Qd7 14. Qc2 Ne7 15. d4 dxe4 16. Qxe4 Bd5 17. Qe2 e4 18. Ne1 b5 19. Nd2 Ng6 20. Nxe4 0-0-0 21. Ng3 Bc4 22. Nd3 Bd6 23. Rd1 Rde8 24. Qc2 Bxg3 25. hxg3 Qf5 26. Be3 h5 27. Ne1 Qxc2 28. Nxc2 h4 29. gxh4 Nxh4 30. Bf4 Bd5 31. Ne3 Rxe3 32. fxe3 Nxg2 33. Kf2 Nh4 34. Rg1 g5 35. Bd6 g4 36. Bc5 Kb8 37. Kg3 Nf5+ 38. Kf4 Ng7 39. Kxg4 Ne6+ 40. Kf5 Rxg1 41. Rxg1 Nxc5 42. bxc5 Kc7 43. Rg7+ Kb8 44. e4 Bc4 45. Kxf6 b4 46. cxb4 Bxa6 47. e5 Bc4 48. e6 Be2 49. Rh7 Bg4 50. e7 Bd7 51. Ke5 Kc8 1-0